Statistics for From Under the Cork Tree - Fall Out Boy

Click here to take the quiz!

General Stats

  • This quiz has been taken 37 times
  • The average score is 7 of 13

Answer Stats

LyricAnswer% Correct
'She said she's no good with words; but I'm worse'Dance, Dance
97%
'Am I more than you bargained for yet?'Sugar, We're Goin Down
85%
'Loose lips sink ships'XO
73%
'The ribbon on my wrist says "Do not open before Christmas"'Our Lawyer Made Us Change the Name of This Song So We Wouldn't Get Sued
61%
'I keep telling myself, I keep telling myself I'm not the desperate type'7 Minutes in Heaven (Atavan Halen)
58%
'I set my clocks early because I know I'm always late'A Little Less Sixteen Candles, a Little More "Touch Me"
55%
'I found the cure to growing older''I Slept with Someone in Fall Out Boy and All I Got Was This Stupid Song Written About Me'
55%
'I'll be your best kept secret and your biggest mistake'Nobody Puts Baby in the Corner
55%
'We're the therapists pumping through your speakers, delivering just what you need'Sophomore Slump or Comeback of the Year
42%
'Joke me something awful just like kisses on the necks of best friends'I've Got A Dark Alley and A Bad Idea that Says You Should Shut Your Mouth (Summer Song)
39%
'I used to waste my time dreaming of being alive, now I only waste it dreaming of you'Of All the Gin Joints In All the World
39%
'We only do it for the scars and stories, not the fame'Champagne for My Real Friends, Real Pain for my Sham Friends
36%
'Your secret's out, and the worst part is that it isn't even a good one'Get Busy Living or Get Busy Dying (Do Your Part to Save the Scene and Stop Going to Shows)
36%

Score Distribution

Percentile by Number Answered

Percent of People with Each Score

Your Score History

You have not taken this quiz